| 000 | 00895nmm a2200301 a 4500 | ||
|---|---|---|---|
| 003 | AR-BaBNM | ||
| 005 | 20251128204032.0 | ||
| 008 | 237119s1984 ||||||||||||||000 | spa|| | ||
| 040 | _cAR-BaBNM | ||
| 100 | 1 | _aRossi de Flory, María Leticia | |
| 245 | 1 | 0 | _aArgentina y Chile en la zona del Beagle |
| 260 |
_aBuenos Aires _bMinisterio de Educación y Justicia _c1984 |
||
| 300 | 0 |
_a63 p. _bmapas, tablas |
|
| 500 | 0 | _aAl final de la obra se encuentra cartografía para consultar | |
| 650 | 4 | _aRELACIONES BILATERALES | |
| 650 | 4 | _aGEOPOLITICA | |
| 650 | 4 | _aACUERDOS INTERNACIONALES | |
| 650 | 4 | _aPOLITICA EXTERIOR | |
| 650 | 4 | _aHISTORIA DE LAS RELACIONES EXTERIORES | |
| 650 | 4 | _aHISTORIA ARGENTINA | |
| 651 | 4 | _aCanal de Beagle | |
| 651 | 4 | _aArgentina | |
| 651 | 4 | _aChile | |
| 653 | 0 | _aHISTORIA CHILENA | |
| 653 | 0 | _aCONFLICTOS LIMITROFES | |
| 942 | _cBK | ||
| 998 | _cmariana | ||
| 999 |
_c5893 _d5893 |
||